| 000 | 00768nam a2200205 a 4500 | ||
|---|---|---|---|
| 003 | 0 | ||
| 005 | 20250423094404.0 | ||
| 008 | 970114s19uu xx 00 eng d | ||
| 050 |
_aPGS TX 364 _b.M183 2003 |
||
| 100 | _aMadridano, Anabelle Q. | ||
| 245 |
_aAwareness of grade six students on proper nutrition / _cAnabelle Q. Madridano. |
||
| 260 |
_aLas PiƱas City, Philippines : _bSouthville International School and Colleges, _c2003. |
||
| 300 |
_a28 pages : _billustrations ; _c28 cm. |
||
| 504 | _aIncludes bibliographical references. | ||
| 650 |
_aNutrition _vStudy and teaching (Elementary). |
||
| 650 |
_aNutrition _vHealth aspects. |
||
| 650 |
_aChildren _vNutrition _vKnowledge, attitudes, practice. |
||
| 650 |
_aStudents _vNutrition. |
||
| 942 |
_2lcc _cPASS |
||
| 999 |
_c96888 _d96888 |
||